00794nam a2200181 a 450000100100000000500170001000800410002704000250006808200150009310000270010824500860013526000460022130000270026759000760029470000390037095201860040999900170059500003475120200930073900.0111019s1980 uy a 000 0 spa d aDO-SdBNPbspacBNPHU axxxbS468s1 aSeluja, Antonio96023213aEl soldado muerto y otros cuentos /cAntonio Seluja ; prólogo Alberto Paganini. aMontevideo :bEdiciones Géminis,c1980. a99 p. :bil. ;c20 cm. aPerteneció a la biblioteca personal de Juan Isidro Jimenes Grullón.1 aPaganini, Alberto,epról.960233 001050718MOaGRbGRcCTd2011-10-19iLF1l0oxxx S468sp34751-10r2020-06-25w2020-06-25y1zPerteneció a la biblioteca personal de Juan Isidro Jimenes- GrullónZNo se presta c34242d34242